| Tag |
First Indicator |
Second Indicator |
Subfields |
| LEADER |
00000cam a2200000 i 4500 |
| 001 |
in00004159949 |
| 005 |
20201020070419.0 |
| 008 |
180612t20182018ilu 000 1 eng |
| 010 |
|
|
|a 2018027180
|
| 020 |
|
|
|a 9781628972504
|q (paperback
|q alkaline paper)
|
| 020 |
|
|
|a 1628972505
|q (paperback
|q alkaline paper)
|
| 035 |
|
|
|a (OCoLC)ocn996999123
|
| 040 |
|
|
|a DLC
|e rda
|c DLC
|d TXA
|d UtOrBLW
|
| 041 |
1 |
|
|a eng
|h srp
|
| 049 |
|
|
|a TXAM
|
| 050 |
0 |
0 |
|a PG1419.12.A79
|b M6613 2018
|
| 082 |
0 |
0 |
|a 891.8/2354
|2 23
|
| 100 |
1 |
|
|a Basara, Svetislav,
|d 1953-
|e author.
|0 http://id.loc.gov/authorities/names/n88671873
|
| 240 |
1 |
0 |
|a Mongolski bedeker.
|l English
|0 http://id.loc.gov/authorities/names/n2018034142
|
| 245 |
1 |
4 |
|a The Mongolian travel guide /
|c Svetislav Basara ; translated from the Serbian by Randall A. Major.
|
| 250 |
|
|
|a First Dalkey Archive edition.
|
| 264 |
|
1 |
|a McLean, Illinois :
|b Dalkey Archive Press,
|c [2018]
|
| 264 |
|
4 |
|c ©2018
|
| 300 |
|
|
|a 117 pages ;
|c 18 cm.
|
| 336 |
|
|
|a text
|b txt
|2 rdacontent
|
| 337 |
|
|
|a unmediated
|b n
|2 rdamedia
|
| 338 |
|
|
|a volume
|b nc
|2 rdacarrier
|
| 490 |
1 |
|
|a Serbian literature series
|
| 541 |
|
|
|a Given by Charles R. Tapley, Julie Tapley, David Tapley and Kyle Tapley in honor of John T. Tapley.
|
| 650 |
|
0 |
|a Serbian literature
|y 21st century.
|
| 700 |
1 |
|
|a Major, Randall A.,
|e translator.
|0 http://id.loc.gov/authorities/names/n99014498
|
| 830 |
|
0 |
|a Serbian literature series.
|0 http://id.loc.gov/authorities/names/no2020021452
|
| 948 |
|
|
|a cataloged
|b h
|c 2020/7/31
|d c
|e dmitchel
|f 1:50:30 pm
|
| 994 |
|
|
|a C0
|b TXA
|
| 999 |
f |
f |
|s 54401856-1907-36b5-a0c7-6bdb024c98d4
|i 3c5284af-0985-3f07-876d-a3287b3b8edd
|t 0
|
| 952 |
f |
f |
|p normal
|a Texas A&M University
|b College Station
|c Sterling C. Evans Library
|d Evans: Library Stacks
|t 0
|e PG1419.12.A79 M6613 2018
|h Library of Congress classification
|i unmediated -- volume
|m A14851525767
|
| 998 |
f |
f |
|a PG1419.12.A79 M6613 2018
|t 0
|l Evans: Library Stacks
|